000 00758nam a2200241Ia 4500
003 GCL
008 140319s9999 xx 000 0 ara d
040 _aGCL /
_cGCL
082 0 4 _a362.7042
_bس ط
100 1 _aسامى محمود
245 1 0 _aطفلك له 200 مشكلة : الحلول المثلى /
_cسامى محمود
300 _a136 ص
490 _aالهيئة العامة للاستعلامات
_v0
650 0 4 _aالاطفال
650 0 4 _aالقلق
650 0 4 _aالاكتئاب
650 0 4 _aالاطفال - علم نفس
650 0 4 _aالاطفال - رعاية
650 0 4 _aعصبية الاطفال
650 0 4 _aالتهتهه عند الاطفال
650 0 4 _aالتهتهه عند الطفل
942 _2ddc
_cBK
999 _c48023
_d48023